Métro Paris - Ligne 1 - Click Quiz - Statistiques

Statistiques générales
  • Ce quiz a été pris 138 fois
  • Le résultat moyen est 17 sur 25
Réponses sur la Carte
Les réponses sont colorées sur une échelle allant du rouge au vert en fonction du pourcentage des utilisateurs qui les ont devinées à leur premier essai. Vous pouvez retrouver ces pourcentages ci-dessous.
 
Statistiques - réponses
Réponse % Correct
La Défense
98%
Esplanade de la Défense
93%
Charles de Gaulle - Etoile
85%
Châtelet
84%
Gare de Lyon
78%
Nation
78%
Château de Vincennes
73%
Bastille
71%
Hôtel de Ville
71%
Pont de Neuilly
71%
Porte Maillot
71%
Concorde
69%
Les Sablons
69%
Porte de Vincennes
65%
Champs-Élysées - Clemenceau
64%
Bérault
62%
Reuilly - Diderot
62%
Franklin D Roosevelt
60%
Louvre - Rivoli
58%
Saint-Paul
58%
George V
56%
Palais Royal - Musée du Louvre
56%
Argentine
55%
Tuileries
55%
Saint-Mandé
51%
Aucun quiz correspondant
Distribution des résultats
% des personnes avec chaque résultat
Percentile par nombre de réponses
Votre historique - résultats
Vous n’avez pas pris ce quiz